00313nam a2200121Ia 4500008004100000041000800041082001200049100002200061245004500083260003700128300001300165365001300178240624s9999 xx 000 0 und d aeng a659 MIK aMIKUNDA CHRISTIAN aBRAND LANDS HOT SPOTS COOL SPACES WELCOM c2004aLondonbKogan Page Limited a240 : p. cRSb33.5